02011nam a2200229Ia 4500001000600000003000900006008004100015040001300056040001300069041001500082100001700097100002900114245005700143245015900200250001100359260003900370260004900409300005700458500121100515650002401726650003101750K0546IT-RoPAU130308s9999 xx 000 0 und d aIT-RoPAU cIT-RoPAU aITALIANO  aDark Stefano gCodice Aut. SPICS: 60215 aLibere! L'epopea delle radio italiane degli anni '70 bLibere! L'Epopea delle Radio italiane degli Anni '70  a1a ed. bStampa Alternativa/Nuovi Equilibri c2009 [1° Ed.:2009 - Ed.Ling.Originale:2009] a"206 p. (prefazione: no ; testo: 206 [pagine: 0-0])" a"Prefazione di M. Baldini. Introduzione di U. Croppi. Pre Ascolto: Radio in Italia Uri e Eiar; voglia di Radio libere Dalla resistenza Alla Ricostruzione; Anni '50; Rock'N'Roll in Usa; Europa dei Pirati; Radio Estere X Italia; Novita e successi in Casa Rai; Giovani Fermenti; Radio Libera; Problemi, Proposte, Provvedimenti; Cosa è Successo; Alternative da Ascolto. cento Fiori: Primi Pionieri Fuorilegge Dalla Rai; Milano radiofonica Rmi, canale 96 e Milano Centrale; Diverse Radio; Altri Prototipi; cento fiori Radiofonici; Radio a Ruota Libera; libere in Citta'; incontri tra Etere. Radio Boom: sentenza della Svolta; Risvolti nel Sentire; scenario Ampio; Politica Inonda; Musica Stereo in Fm; Radiomovimenti nel Settantasette; un '77 Archiviato; Ascolti Liberi; Caso Italiano; Radio Fa Provincia. Segnali in Liberta': Guerra, Giungla, Funghi e far West; Diretta; al Telefono; Epopea della Dedica; Radio Azienda; Roma Radiofonica; Evasione Inonda; Sfogo, Servizio, Speranza; in Cerca di Sostegno; Retaggi di Liberta'; e la Rai?; fuori I Nomi!; Fine Decennio, Fine di una Stagione. Appendice: Evoluzione Quantitativa delle Radio italiane 1975 1979. Bibliografia. indice delle Radio. D" aSAGGI DI RADIOFONIA eCodice materia Spics: 6911